1437 1771 1867 1754 1090 1264 1848 1060 1902 1382 1284 1354 1331 1905 1229 1398 1712 1741 1981 1991 1776 1066 1960 1955 1166 1394 1631 1399 1494 1805 1235 1389 1371 1525 1624 1422 1770 1023 1616 1589 1315 1232 1732 1908 1935 1949 1916 1115 1468 1638 1156 1492 1548 1655 1493 1946 1227 1754 1809 1184 1374 1912 1471 1576 1669 1030 1273 1750 1036 1986 1649 1337 1108 1835 1753 1659 1152 1417 1599 1562 1207 1091 1114 1303 1246 1681 1219 1771 1110 1243 1626 1991 1473 1402 1401 1338 1557 1090 1271 BCNSPRNW ULIB Ver.6.0+V

เปลี่ยนเป็นภาษาไทย

Change to English
 แสดงรายละเอียดบรรณานุกรม
  กลับหน้าหลัก

Brief Record : Get Marc (ISO 2709) : E-mail record : QR code < ปิดหน้าต่าง
LEADER : 00000nam 2200000uu 4500
001    13399111478
003     ULIB
008    110628s2550||||th 000 0 tha d
020    9789741313648
050  4 BQ4570^bป519ม 2550
100 0  คณะพุทธนิคมเชียงใหม่
245 10 มรดกธรรม 1 /^cคณะพุทธนิคมเชียงใหม่
260    เชียงใหม่ :^bคณะพุทธนิคมเชียงใหม่ ,^c2550
300    96 หน้า
650  4 ธรรมะ
945    ^p0^l0^i023261
945    ^p0^l0^i023259
945    ^p0^l0^i023262
945    ^p0^l0^i023260
995    ทศพร
999 ^a ใช้งานได้ทุกระบบ
รายการนี้ยังไม่มีแท็ก
คุณยังไม่ได้ล็อกอิน คุณสามารถมีกิจกรรมร่วมกับเว็บไซต์ได้ แต่ต้องล็อกอินก่อน ::
  ล็อกอิน

รายการสื่อสารสนเทศ

ลำดับที่ ประเภท เลขเรียก/บาร์โค้ด สถานที่ สถานะ
- ไม่พบข้อมูล -

รายการใกล้เคียง
    หัวเรื่อง [ธรรมะ]

BibComment


ยังไม่เคยถูกคอมเมนท์

คอมเมนท์ทรัพยากรรายการนี้
  คอมเมนท์: มรดกธรรม 1 คณะพุ..


 Copyright 2026. Bcnsprnw @Library